000 003500000a22001570004500
020 _a84-322-5006-6
041 0 _aSPA
082 0 4 _aG 863 S113s
100 1 _aSábato, Ernesto
245 1 0 _aSobre héroes y tumbas / Ernasto Sabato
250 _a2
260 _aBarcelona, España : Seix Barral
300 _a558 Pag
001 11084
942 _cBK
999 _c40455
_d40455